qntroduction to Agroromy and soil and water managemat (Record no. 4)

MARC details
000 -LEADER
fixed length control field 00356nam a22001457a 4500
041 ## - LANGUAGE CODE
Language code of text/sound track or separate title ENG
100 ## - MAIN ENTRY--PERSONAL NAME
Personal name V.G Vdidya,
245 ## - TITLE STATEMENT
Title qntroduction to Agroromy and soil and water managemat
250 ## - EDITION STATEMENT
Edition statement 1 edition
260 ## - PUBLICATION, DISTRIBUTION, ETC. (IMPRINT)
Place of publication, distribution, etc pune
Name of publisher, distributor, etc Continental praka shan
Date of publication, distribution, etc 1996
300 ## - PHYSICAL DESCRIPTION
Extent 329
650 ## - SUBJECT ADDED ENTRY--TOPICAL TERM
Topical term or geographic name as entry element Mathmatis
700 ## - ADDED ENTRY--PERSONAL NAME
Personal name K.R Sahasrabuddhe
856 ## - ELECTRONIC LOCATION AND ACCESS
Uniform Resource Identifier matamatis
Holdings
Withdrawn status Lost status Source of classification or shelving scheme Damaged status Not for loan Home library Current library Date acquired Cost, normal purchase price Total Checkouts Barcode Date last seen Date checked out Price effective from Koha item type
    Dewey Decimal Classification     College of Agricultural Engineering and Technology, Dapoli , Library College of Agricultural Engineering and Technology, Dapoli , Library 01/10/2020 160.00 2 000003 06/10/2020 06/10/2020 01/10/2020 Books

Contact Us: College of Agricultural Engineering and Technology, Dapoli, Dist.- Ratnagiri
Website: https://dbskkv.org Email: caetlibrary2015@gmail.com